000 00742nam a2200229 4500
999 _c8498
_d8498
001 22143
003 BD-DhUAP
005 20240401120711.0
008 070726s2011 ny a 001 0beng
020 _a9780521186223
020 _a9781107006447
040 _aBD-DhUAP
_cBD-DhUAP
_dBD-DhUAP
_bEng
_eBD-DhUAP
082 _222
_a418.0071 RIC
100 _a Richards,Jack C.
245 0 0 _aPractice teaching:
_bA Reflective Approach/
_cJack C. Richards, Thomas S. C. Farrell
260 _a New York,
_bCambridge University Press,
_c 2011 .
300 _aiii, 185 p. ;
_c26 cm.
504 _aIncludes bibliographical references and indexes.
650 _a Language teachers ,
_vTraining of .
700 _a Thomas S. C. Farrell
942 _2ddc
_cBK